[Event "Chall 04"]
[Site "http://www.queenalice.com/game.php?id=440450"]
[Date "2008.7.29"]
[Round "-"]
[White "GrazianiBR"]
[Black "gilsoncb"]
[Result "0-1"]
[WhiteElo "2109"]
[BlackElo "1905"]

1. Nf3 Nf6 2. d4 d5 3. e3 g6 4. c4 Bg7 5. Bd3 c6 6. c5 Nbd7 7. b4 a5 8. Bd2 a4
9. b5 Ne4 10. b6 Ndxc5 11. dxc5 Bxa1 12. Bxe4 dxe4 13. Nd4 Bxd4 14. exd4 Qxd4
15. Bc3 Qxd1+ 16. Kxd1 O-O 17. a3 Bf5 18. Nd2 Rad8 19. Ke2 Rd3 20. Bb4 Rfd8 21.
h3 h5 22. Rg1 h4 23. Rc1 g5 24. Rh1 Bg6 25. g4 hxg3 26. fxg3 Rxg3 27. Kf2 Rdd3
28. Rh2 f5 29. Nf1 Rgf3+ 30. Kg1 Rd1 31. Rf2 Rxh3 32. Bd2 f4 33. Rg2 Rf3 34.
Rxg5 Rdxf1+ 35. Kg2 R3f2+ 36. Kh3 Rh1+ 37. Kg4 Rg1+ 38. Kh4 Rh2# 0-1

[Event "Challenge"]
[Site "http://www.queenalice.com/game.php?id=448181"]
[Date "2008.8.13"]
[Round "-"]
[White "paddymalonespub"]
[Black "gilsoncb"]
[Result "0-1"]
[WhiteElo "1745"]
[BlackElo "1946"]

1. e4 c5 2. d4 cxd4 3. Qxd4 Nc6 4. Qd1 d6 5. Bb5 Bd7 6. Nf3 Qa5+ 7. Nc3 Ne5 8.
Bxd7+ Nxd7 9. O-O g6 10. Bd2 Qh5 11. Nd5 Rc8 12. Be3 b6 13. Nf4 Qb5 14. b3 Bg7
15. Rb1 Ngf6 16. Nd4 Qa6 17. c4 Nxe4 18. Nb5 Qxa2 19. f3 a6 20. Na7 Nc3 21. Qd2
Qxd2 22. Bxd2 Nxb1 23. Nxc8 Nxd2 24. Ra1 Bxa1 0-1

[Event "Challenge"]
[Site "http://www.queenalice.com/game.php?id=449384"]
[Date "2008.8.16"]
[Round "-"]
[White "fafaducarmo"]
[Black "gilsoncb"]
[Result "0-1"]
[WhiteElo "1520"]
[BlackElo "1946"]

1. d4 Nf6 2. c4 g6 3. Nc3 d5 4. Bf4 Bg7 5. e3 c5 6. Nf3 Bg4 7. Be2 O-O 8. Nb5
Qa5+ 9. Nd2 Rc8 10. Bxg4 Nxg4 11. Qxg4 Nc6 12. Nc7 Rxc7 13. Bxc7 Qxc7 14. cxd5
Nb4 15. O-O Nxd5 16. Rac1 b6 17. Qe4 e6 18. b4 Rd8 19. bxc5 bxc5 20. Rxc5 Qe7
21. Nc4 Nc3 22. Qc2 Nd5 23. Ne5 Bxe5 24. dxe5 Kg7 25. e4 Nf4 26. Rc7 Qg5 27. g3
Rd2 28. Qb3 Qg4 29. Qe3 g5 30. f3 Rg2+ 31. Kh1 Rxh2+ 32. Kxh2 Qh3+ 33. Kg1 Qg2#
0-1

[Event "Challenge"]
[Site "http://www.queenalice.com/game.php?id=449997"]
[Date "2008.8.18"]
[Round "-"]
[White "gilsoncb"]
[Black "fafaducarmo"]
[Result "1-0"]
[WhiteElo "1946"]
[BlackElo "1530"]

1. e4 e5 2. Nc3 h6 3. f4 Bc5 4. Nf3 d6 5. Bc4 Bg4 6. Na4 Nd7 7. Nxc5 Nxc5 8.
fxe5 Nxe4 9. Bd5 Qh4+ 10. Nxh4 Bxd1 11. Bxb7 Rb8 12. Bxe4 Bg4 13. exd6 cxd6 14.
Bc6+ Bd7 15. Bxd7+ Kxd7 16. O-O Nf6 17. b3 Rbc8 18. c4 Ne4 19. Rxf7+ Ke6 20.
Rxg7 Rhe8 21. d4 Nc3 22. d5+ Kf6 23. Rg6+ Kf7 24. Bxh6 Ne2+ 25. Kh1 Rh8 26. Rf1+
Ke8 27. Re6+ Kd7 28. Rf7+ Kd8 29. Bg5# 1-0

[Event "Challenge"]
[Site "http://www.queenalice.com/game.php?id=460707"]
[Date "2008.9.9"]
[Round "-"]
[White "Lintz"]
[Black "gilsoncb"]
[Result "1/2-1/2"]
[WhiteElo "1796"]
[BlackElo "1949"]

1. d4 f5 2. Nc3 Nf6 3. Bg5 d5 4. Bxf6 exf6 5. e3 Be6 6. Bd3 Bb4 7. Ne2 c5 8.
dxc5 Bxc5 9. O-O O-O 10. a3 g6 11. Nd4 Bf7 12. Nb3 b6 13. Qf3 Nc6 14. Nxc5 bxc5
15. Nd1 1/2-1/2

[Event "Challenge"]
[Site "http://www.queenalice.com/game.php?id=460708"]
[Date "2008.9.9"]
[Round "-"]
[White "gilsoncb"]
[Black "Lintz"]
[Result "1/2-1/2"]
[WhiteElo "1956"]
[BlackElo "1809"]

1. c4 Nf6 2. Nf3 g6 3. g3 Bg7 4. Bg2 d6 5. O-O O-O 6. Nc3 Nc6 7. d3 e5 8. a3 a5
9. Be3 Kh8 10. Qd2 Ng8 11. Rab1 Nce7 12. d4 c6 13. dxe5 dxe5 14. Qxd8 Rxd8
1/2-1/2

[Event "Challenge"]
[Site "http://www.queenalice.com/game.php?id=462186"]
[Date "2008.9.12"]
[Round "-"]
[White "Arthur0007"]
[Black "gilsoncb"]
[Result "1/2-1/2"]
[WhiteElo "1828"]
[BlackElo "1941"]

1. e4 c5 2. Nf3 d6 3. d4 cxd4 4. Nxd4 Nf6 5. Nc3 a6 6. a4 g6 7. Be3 Bg7 8. Be2
O-O 9. O-O Nc6 10. Nf3 Ng4 11. Bc1 Bxc3 12. bxc3 Nge5 13. h3 Be6 14. Bh6 Nxf3+
15. Bxf3 Re8 16. Bg4 Bxg4 17. hxg4 Qa5 18. Qd3 Ne5 19. Qg3 Rac8 20. Bd2 Rc4 21.
Rfe1 Rxa4 22. Rab1 Nc4 23. Bh6 b5 24. e5 Nxe5 25. Rxe5 dxe5 26. Qxe5 f6 27. Qe6+
Kh8 28. Qf7 Rg8 29. Bf8 Re4 30. Bxe7 Rxe7 31. Qxe7 Qxc3 32. Re1 a5 33. Re3 Qd4
34. Qf7 Qd1+ 1/2-1/2

[Event "Challenge"]
[Site "http://www.queenalice.com/game.php?id=462187"]
[Date "2008.9.12"]
[Round "-"]
[White "gilsoncb"]
[Black "Arthur0007"]
[Result "1/2-1/2"]
[WhiteElo "1936"]
[BlackElo "1833"]

1. d4 d5 2. e4 e6 3. Nc3 dxe4 4. Nxe4 Nd7 5. Nf3 Ngf6 6. Bd3 c5 7. c3 cxd4 8.
cxd4 Nd5 9. O-O Be7 10. Be3 O-O 11. a3 b6 12. Rc1 Bb7 13. Nfd2 f5 14. Nc3 Nxc3
15. Rxc3 f4 16. Qc2 fxe3 17. Bxh7+ Kh8 18. Rxe3 Rf6 19. Bg6 Nf8 20. Rh3+ Kg8 21.
Bh7+ Kf7 22. Be4 Bxe4 23. Nxe4 Rf4 24. Rd1 Rc8 25. Qe2 Qd5 26. Nc3 Qf5 27. Qh5+
Qxh5 28. Rxh5 Rh4 29. Rxh4 Bxh4 30. g3 Be7 31. Rd3 Rd8 32. Ne4 Bf6 33. Nxf6 gxf6
34. f4 f5 35. h3 Ng6 36. Kf2 Rd7 37. Ke2 Kf6 38. Kf3 Kg7 39. Rd1 Ne7 40. g4 Nc6
1/2-1/2

[Event "Challenge"]
[Site "http://www.queenalice.com/game.php?id=465765"]
[Date "2008.9.20"]
[Round "-"]
[White "Arthur0007"]
[Black "gilsoncb"]
[Result "0-1"]
[WhiteElo "1837"]
[BlackElo "1945"]

1. e4 c6 2. d4 d5 3. Nc3 dxe4 4. Nxe4 Bf5 5. Bd3 Bxe4 6. Bxe4 Nf6 7. Bf3 Nbd7 8.
Bf4 Qa5+ 9. c3 O-O-O 10. Qb3 e5 11. Bd2 Nb6 12. O-O-O exd4 13. cxd4 Qa4 14. Qxa4
Nxa4 15. Ne2 Nb6 16. Ba5 Bd6 17. Kc2 Rhe8 18. a3 Bc7 19. Nc1 Ne4 20. Rhe1 f5 21.
Bxe4 Rxe4 22. Rxe4 fxe4 23. h3 Rf8 24. Rf1 Nd5 25. Bxc7 Kxc7 26. Kd2 b6 27. Na2
e3+ 28. Ke2 Nf4+ 29. Kxe3 Nxg2+ 30. Kd2 Rf4 31. Nc1 Rxd4+ 32. Kc3 Rh4 33. Ne2
Rxh3+ 34. Ng3 h5 35. Kd2 g5 36. Ne4 g4 37. Ng3 Kd6 38. Ke2 h4 39. Nf5+ Ke5 40.
Ne7 Kd6 41. Nf5+ Ke6 42. Nd4+ Kd5 43. Rd1 Nf4+ 0-1

[Event "Challenge"]
[Site "http://www.queenalice.com/game.php?id=467816"]
[Date "2008.9.24"]
[Round "-"]
[White "Arthur0007"]
[Black "gilsoncb"]
[Result "0-1"]
[WhiteElo "1871"]
[BlackElo "1952"]

1. e4 d6 2. d4 Nf6 3. Nc3 g6 4. f4 Bg7 5. Nf3 O-O 6. Bd3 Nc6 7. e5 dxe5 8. fxe5
Nh5 9. Be3 Bg4 10. Be4 Qd7 11. O-O f5 12. Bxc6 Qxc6 13. Qc1 f4 14. d5 Qc4 15.
Nd2 Qa6 16. Bd4 e6 17. Nb3 b6 18. h3 Bf5 19. Nd2 Rad8 20. Nf3 exd5 21. b4 Qc4
22. b5 Ng3 23. Re1 Ne4 24. Qa3 a6 25. bxa6 c5 26. e6 Bxd4+ 27. Nxd4 Qxd4+ 28.
Kh2 Bxe6 29. Nb5 Qe5 0-1

[Event "Challenge"]
[Site "http://www.queenalice.com/game.php?id=468204"]
[Date "2008.9.25"]
[Round "-"]
[White "gilsoncb"]
[Black "Arthur0007"]
[Result "1/2-1/2"]
[WhiteElo "1956"]
[BlackElo "1852"]

1. e4 e5 2. Nc3 Nf6 3. Bc4 Nc6 4. f4 Nxe4 5. Nf3 Nxc3 6. bxc3 e4 7. Bxf7+ Kxf7
8. Ng5+ Kg8 9. d3 h6 10. dxe4 hxg5 11. Qd5+ Kh7 12. h4 g4 13. Qh5+ Kg8 1/2-1/2

[Event "Challenge"]
[Site "http://www.queenalice.com/game.php?id=513872"]
[Date "2008.12.28"]
[Round "-"]
[White "gilsoncb"]
[Black "Lintz"]
[Result "1/2-1/2"]
[WhiteElo "1997"]
[BlackElo "1779"]

1. d4 d5 2. c4 c6 3. Nf3 Nf6 4. Nc3 e6 5. e3 Nbd7 6. Bd3 Be7 7. O-O O-O 8. c5 b6
9. b4 b5 10. a4 bxa4 11. Qxa4 Qc7 12. b5 Bb7 13. Bd2 Bd8 14. e4 Qc8 15. e5 Ne8
16. Rfc1 f6 17. Qc2 g6 18. Bh6 Ng7 19. exf6 Bxf6 20. Re1 Re8 21. Bg5 Bxg5 22.
Nxg5 Nf8 23. Nf3 Qc7 24. Qd2 Rec8 25. Qg5 Nh5 26. Ne5 Qg7 27. bxc6 Bxc6 28. Nxc6
Rxc6 29. Nxd5 Kh8 30. Ne7 Rc7 31. Be4 Re8 32. Nc6 Nf6 33. Bf3 h6 34. Qg3 Kh7 35.
Ne5 Nd5 36. h4 1/2-1/2

[Event "Challenge"]
[Site "http://www.queenalice.com/game.php?id=514539"]
[Date "2008.12.30"]
[Round "-"]
[White "Arthur0007"]
[Black "gilsoncb"]
[Result "0-1"]
[WhiteElo "1957"]
[BlackElo "1967"]

1. e4 c6 2. d4 d5 3. Nc3 dxe4 4. Nxe4 Bf5 5. Bd3 Bxe4 6. Bxe4 Nf6 7. Bf3 e6 8.
Bd2 Qxd4 9. Ne2 Qb6 10. O-O Nbd7 11. Qc1 Ne5 12. a4 Nxf3+ 13. gxf3 Bd6 14. Ng3
O-O 15. a5 Qc7 16. Kg2 Nd5 17. Ne2 Rfd8 18. a6 b6 19. c3 f6 20. Qc2 Ne7 21. Nd4
Qd7 22. Qb3 Nd5 23. c4 Nc7 24. f4 Bc5 25. Be3 Bxd4 0-1

[Event "Challenge"]
[Site "http://www.queenalice.com/game.php?id=514540"]
[Date "2008.12.30"]
[Round "-"]
[White "gilsoncb"]
[Black "Arthur0007"]
[Result "1-0"]
[WhiteElo "1983"]
[BlackElo "1941"]

1. e4 e5 2. Nc3 Nf6 3. Bc4 Nc6 4. Nf3 Nxe4 5. Nxe4 d5 6. Bd3 dxe4 7. Bxe4 h6 8.
Qe2 Bg4 9. Qb5 Bxf3 10. Bxf3 Rb8 11. Bxc6+ bxc6 12. Qxe5+ Qe7 13. d4 Rb5 14. Qe3
Qxe3+ 15. fxe3 f6 16. c4 Bb4+ 17. Ke2 Rg5 18. g3 h5 19. a3 Be7 20. e4 Rg6 21.
Bf4 Bd8 22. b4 h4 23. Kd3 h3 24. Rhe1 Kd7 25. Be3 a6 26. Rf1 Be7 27. Rf5 Rg4 28.
Ra5 1-0

[Event "Challenge"]
[Site "http://www.queenalice.com/game.php?id=545285"]
[Date "2009.2.23"]
[Round "-"]
[White "Lintz"]
[Black "gilsoncb"]
[Result "0-1"]
[WhiteElo "1807"]
[BlackElo "1988"]

1. e4 e5 2. Nf3 Nf6 3. d3 Nc6 4. Be2 d5 5. exd5 Nxd5 6. c4 Nf6 7. Nc3 Bb4 8. Bd2
O-O 9. O-O Bf5 10. a3 Be7 11. b3 Bxd3 12. Bxd3 Qxd3 13. Re1 Rad8 14. Re3 Qd7 15.
Be1 Qg4 16. Qe2 Bc5 17. Nxe5 Qxe2 18. Rxe2 Nd4 19. Rb2 Rfe8 20. Nd3 Nxb3 21.
Rxb3 Rxd3 22. Rxb7 Bd4 23. Rc1 Bxc3 24. Bxc3 Rxc3 25. Rcb1 Rxc4 26. Rxa7 h6 27.
h3 Nd5 28. a4 Nc3 29. Ra1 Rb8 30. Ra3 Rbb4 31. Ra8+ Kh7 32. a5 Ra4 33. Rxa4 Rxa4
34. a6 Kg6 35. g3 c5 36. Kg2 Ra2 0-1

[Event "Challenge"]
[Site "http://www.queenalice.com/game.php?id=575095"]
[Date "2009.4.20"]
[Round "-"]
[White "Arthur0007"]
[Black "gilsoncb"]
[Result "0-1"]
[WhiteElo "2107"]
[BlackElo "1997"]

1. e4 Nf6 2. e5 Nd5 3. d4 Nc6 4. c4 Nb6 5. c5 Nd5 6. Bc4 e6 7. Bxd5 exd5 8. Nc3
d6 9. Bf4 dxc5 10. dxc5 d4 11. Ne4 Qd5 12. f3 Bf5 13. Qc2 d3 14. Qb3 Bxe4 0-1

[Event "Agora Vai"]
[Site "http://www.queenalice.com/game.php?id=575096"]
[Date "2009.4.20"]
[Round "-"]
[White "gilsoncb"]
[Black "Arthur0007"]
[Result "1-0"]
[WhiteElo "2017"]
[BlackElo "2089"]

1. f4 d5 2. Nf3 g6 3. e3 Bg7 4. Be2 Nf6 5. O-O c5 6. Nc3 e6 7. Bb5+ Bd7 8. Ne5
Bxb5 9. Nxb5 a6 10. Nc3 Nbd7 11. Nf3 Qc7 12. d3 h6 13. e4 d4 14. Ne2 O-O 15. e5
Nd5 16. c4 Ne7 17. g4 f6 18. exf6 Nxf6 19. Qe1 Rad8 20. Ng3 Qd6 21. g5 h5 22.
gxf6 Bxf6 23. Ne4 Qb6 24. Bd2 Kg7 25. Ba5 1-0

[Event "Challenge"]
[Site "http://www.queenalice.com/game.php?id=576765"]
[Date "2009.4.24"]
[Round "-"]
[White "Arthur0007"]
[Black "gilsoncb"]
[Result "1/2-1/2"]
[WhiteElo "2055"]
[BlackElo "2053"]

1. e4 e5 2. Nf3 Nf6 3. Nxe5 Qe7 4. d4 Nc6 5. Nf3 Nxe4 6. Be2 d5 7. O-O Be6 8. c3
O-O-O 9. a4 h5 10. h4 Bg4 11. Re1 Bxf3 12. Bxf3 Qxh4 13. g3 Nxg3 14. fxg3 Qxg3+
15. Bg2 Bd6 16. Re3 Qh2+ 17. Kf2 Rh6 18. Rf3 Rg6 19. Qh1 Bg3+ 20. Kf1 Re8 21.
Bd2 Qxh1+ 22. Bxh1 Na5 23. Rf5 c6 24. Rxf7 1/2-1/2

[Event "Challenge"]
[Site "http://www.queenalice.com/game.php?id=576767"]
[Date "2009.4.24"]
[Round "-"]
[White "gilsoncb"]
[Black "Arthur0007"]
[Result "1-0"]
[WhiteElo "2036"]
[BlackElo "2049"]

1. d4 d5 2. Nf3 Bg4 3. Ne5 Bf5 4. Bf4 g5 5. Bxg5 f6 6. e4 Bg6 7. Nxg6 hxg6 8.
Be3 dxe4 9. Qg4 Kf7 10. Bc4+ Kg7 11. h4 f5 12. Qg5 Rh5 13. Qf4 Nf6 14. Nc3 Nc6
15. O-O-O e6 16. Qg3 Bd6 17. f4 Ne7 18. Bxe6 Bb4 19. d5 Bxc3 20. bxc3 Qd6 21.
Bd4 1-0

[Event "Challenge"]
[Site "http://www.queenalice.com/game.php?id=578627"]
[Date "2009.4.27"]
[Round "-"]
[White "Arthur0007"]
[Black "gilsoncb"]
[Result "1/2-1/2"]
[WhiteElo "2073"]
[BlackElo "2070"]

1. e4 c5 2. Nf3 Nc6 3. d4 cxd4 4. Nxd4 e5 5. Nb5 Nf6 6. Bc4 Be7 7. N1c3 O-O 8.
Bg5 a6 9. Bxf6 Bxf6 10. Nd6 Nd4 11. Nd5 Be7 12. Nxc8 Rxc8 13. Ne3 b5 14. Bd3 Ne6
15. O-O Bc5 16. c3 Qg5 17. Nd5 Rfe8 18. b4 Ba7 19. a4 Nf4 20. Nxf4 Qxf4 21. axb5
Rxc3 22. bxa6 Rec8 23. b5 R8c7 24. Rb1 Bb6 25. g3 Qf6 26. Qe2 Qe6 27. Kg2 h6 28.
Rb2 g5 29. Ra1 g4 30. Rba2 Ba7 31. Ra3 h5 32. Qd2 Rxa3 33. Rxa3 Qf6 34. Bb1 Rc5
35. Rb3 Bb6 1/2-1/2

[Event "Challenge"]
[Site "http://www.queenalice.com/game.php?id=578628"]
[Date "2009.4.27"]
[Round "-"]
[White "gilsoncb"]
[Black "Arthur0007"]
[Result "1-0"]
[WhiteElo "2053"]
[BlackElo "2090"]

1. d4 d5 2. c4 c6 3. Nf3 Nf6 4. Nc3 g6 5. Bf4 dxc4 6. e4 b5 7. a4 b4 8. Na2 Nxe4
9. Bxc4 e6 10. O-O a5 11. Re1 Nd6 12. Bb3 Be7 13. Qc2 O-O 14. Nc1 Bb7 15. Nd3
Nf5 16. Rad1 Nd7 17. Nde5 Bf6 18. Nxc6 Bxc6 19. Qxc6 Rc8 20. Qb5 Ne7 21. Ne5
Bxe5 22. dxe5 Nc6 23. Bh6 Re8 24. Rd6 Qc7 25. Red1 Ncxe5 26. Rxd7 Nxd7 27. Rxd7
Qc6 28. Qe5 1-0